Entry Personal Name
Number of records used in: 2
001 - CONTROL NUMBER
003 - CONTROL NUMBER IDENTIFIER
005 - DATE AND TIME OF LATEST TRANSACTION
- control field:
20191115114959.0
008 - FIXED-LENGTH DATA ELEMENTS
- fixed length control field:
800527n| azannaabn |b aaa
010 ## - LIBRARY OF CONGRESS CONTROL NUMBER
- LC control number:
n 80010495
035 ## - SYSTEM CONTROL NUMBER
- System control number:
(OCoLC)oca00393024
040 ## - CATALOGING SOURCE
- Original cataloging agency:
DLC
- Language of cataloging:
eng
- Description conventions:
rda
- Transcribing agency:
DLC
- Modifying agency:
DLC-R
- Modifying agency:
NIC
- Modifying agency:
DLC
- Modifying agency:
SG-SiILA
- Modifying agency:
OCoLC
- Modifying agency:
OO
- Modifying agency:
UPB
046 ## - SPECIAL CODED DATES
- Birth date:
1856-06-22
- Death date:
1925-05-14
- Source of date scheme:
edtf
053 #0 - LC CLASSIFICATION NUMBER
- Classification number element--single number or beginning number of span:
PR4731
- Classification number element--ending number of span:
PR4732
100 1# - HEADING--PERSONAL NAME
- Personal name:
Haggard, H. Rider
- Fuller form of name:
(Henry Rider),
- Dates associated with a name:
1856-1925
370 ## - ASSOCIATED PLACE
- Place of birth:
Norfolk (England)
- Place of death:
London (England)
- Source of term:
naf
374 ## - OCCUPATION
- Occupation:
Authors
- Occupation:
Novelists
- Source of term:
lcsh
375 ## - GENDER
377 ## - ASSOCIATED LANGUAGE
400 1# - SEE FROM TRACING--PERSONAL NAME
- Personal name:
Haggard, Rider,
- Dates associated with a name:
1856-1925
400 1# - SEE FROM TRACING--PERSONAL NAME
- Personal name:
Khaggard, Raĭder,
- Dates associated with a name:
1856-1925
400 1# - SEE FROM TRACING--PERSONAL NAME
- Personal name:
Haggard, Henry Rider,
- Dates associated with a name:
1856-1925
400 1# - SEE FROM TRACING--PERSONAL NAME
- Control subfield:
nnaa
- Personal name:
Haggard, Henry Rider,
- Titles and other words associated with a name:
Sir,
- Dates associated with a name:
1856-1925.
400 0# - SEE FROM TRACING--PERSONAL NAME
- Personal name:
Ha-ko-te,
- Dates associated with a name:
1856-1925
400 1# - SEE FROM TRACING--PERSONAL NAME
- Personal name:
Hagacđơ, Henri,
- Dates associated with a name:
1856-1925
400 1# - SEE FROM TRACING--PERSONAL NAME
- Personal name:
Hagard, Henry Rider,
- Dates associated with a name:
1856-1925
400 1# - SEE FROM TRACING--PERSONAL NAME
- Personal name:
Hagacđơ, Henry,
- Dates associated with a name:
1856-1925
400 1# - SEE FROM TRACING--PERSONAL NAME
- Personal name:
Hagard, Raider,
- Titles and other words associated with a name:
Ser,
- Dates associated with a name:
1856-1925
400 1# - SEE FROM TRACING--PERSONAL NAME
- Personal name:
Hōkārṭ, Ec. Reyiṭar,
- Dates associated with a name:
1856-1925
400 1# - SEE FROM TRACING--PERSONAL NAME
- Personal name:
Хаггард, Генри Райдер,
- Dates associated with a name:
1856-1925
400 1# - SEE FROM TRACING--PERSONAL NAME
- Personal name:
Хаггард, Генри,
- Dates associated with a name:
1856-1925
400 1# - SEE FROM TRACING--PERSONAL NAME
- Personal name:
הגרד, הרני רידר
400 1# - SEE FROM TRACING--PERSONAL NAME
- Personal name:
הגרד, רידר
400 1# - SEE FROM TRACING--PERSONAL NAME
- Personal name:
הגרד, ריידר,
400 0# - SEE FROM TRACING--PERSONAL NAME
- Personal name:
H. R. H.
- Fuller form of name:
(Henry Rider Haggard),
- Dates associated with a name:
1856-1925
400 1# - SEE FROM TRACING--PERSONAL NAME
- Personal name:
H., H. R.
- Fuller form of name:
(Henry Rider Haggard),
- Dates associated with a name:
1856-1925
670 ## - SOURCE DATA FOUND
- Source citation:
His Hsiang hu hsien ying, 1990:
- Information found:
colophon (Ha-ko-te)
670 ## - SOURCE DATA FOUND
- Source citation:
Nàng Macgaret xinh đẹp, 1995:
- Information found:
t.p. (Henri Hagacđơ) p. 5 (Henry Rider Hagard; 1856-1925) cover (Henry Hagacđơ)
670 ## - SOURCE DATA FOUND
- Source citation:
Elen Ḳṿoṭermen, 195- :
- Information found:
t.p. (Ser Raider Hagard [voc.])
670 ## - SOURCE DATA FOUND
- Source citation:
Vairac curaṅkam, 1994:
- Information found:
t.p. (Ec. Reyiṭar Hōkārṭ)
670 ## - SOURCE DATA FOUND
- Source citation:
Encyclopedia Britannica, via WWW, Dec. 27, 2012
- Information found:
(Sir H. Rider Haggard; Sir Henry Rider Haggard; b. June 22, 1856 in Bradenham, Norfolk, England; d. May 14, 1925 in London, England; English novelist)
670 ## - SOURCE DATA FOUND
- Source citation:
Macmillan's magazine, 1877:
- Information found:
volume 36, number 215, page 70-79 (article: The Transvaal, [by] H.R.H.)
670 ## - SOURCE DATA FOUND
- Source citation:
The Wellesley Index of Victorian Periodicals, 1824-1900, via WWW, 17 May 2016
- Information found:
(article The Transvaal written by H. Rider Haggard)
678 0# - BIOGRAPHICAL OR HISTORICAL DATA
- Biographical or historical data:
H. Rider Haggard (1856-1925) was an English novelist.